000 00582nam a2200193 a 4500
001 000010423
005 20240412074218.0
008 091007s1983 dr 000 p spa d
040 _aDO-SdBNP
_bspa
_cBNPHU
082 _aRD861.44
_bJ55a
100 1 _aJerez, Eulalio E.
_925427
245 1 0 _aAnsiedad :
_bpoemas /
_cEulalio E. Jerez.
260 _aSantiago de los Caballeros :
_bCDE,
_c1983.
300 _a36 p. ;
_c20 cm.
650 0 _aPoesía dominicana
_966
650 0 _aLiteratura dominicana.
_967
710 2 _aCorporación de Documento de Electricidad
_925428
049 _aBNPD
999 _c10182
_d10182